Normal view
MARC view
- الشخانبة، صهيب عبد الله بشير
Entry Personal Name
001 - CONTROL NUMBER
- control field: 30666
003 - CONTROL NUMBER IDENTIFIER
- control field: JO-AjAnu
005 - DATE AND TIME OF LATEST TRANSACTION
- control field: 20230606075155.0
008 - FIXED-LENGTH DATA ELEMENTS
- fixed length control field: 230606|| aca||aabn | a|a d
040 ## - CATALOGING SOURCE
- Original cataloging agency: JO-AjAnu
- Transcribing agency: JO-AjAnu
100 ## - HEADING--PERSONAL NAME
- Personal name: الشخانبة، صهيب عبد الله بشير
670 ## - SOURCE DATA FOUND
- Source citation: Work cat.: (JO-AjAnu)15752: الشخانبة، صهيب عبد الله بشير, author, الضمانات العينية الرهن ومدى مشروعية استثمارها في المصارف الإسلامية